Micro-explosion of droplets containing liquids with different viscosity, interfacial and surface tension; Chemical Engineering Research and Design; Vol. 165

Detalles Bibliográficos
Parent link:Chemical Engineering Research and Design
Vol. 165.— 2021.— [P. 478]
Autor Corporativo: Национальный исследовательский Томский политехнический университет Инженерная школа энергетики Научно-образовательный центр И. Н. Бутакова (НОЦ И. Н. Бутакова)
Otros Autores: Antonov D. V. Dmitry Vladimirovich, Kuznetsov G. V. Geny Vladimirovich, Strizhak P. A. Pavel Alexandrovich, Fedorenko R. M. Roman Mikhaylovich
Sumario:Title screen
Режим доступа: по договору с организацией-держателем ресурса
Lenguaje:inglés
Publicado: 2021
Materias:
Acceso en línea:https://doi.org/10.1016/j.cherd.2020.10.028
Formato: MixedMaterials Electrónico Capítulo de libro
KOHA link:https://koha.lib.tpu.ru/cgi-bin/koha/opac-detail.pl?biblionumber=663210

MARC

LEADER 00000naa0a2200000 4500
001 663210
005 20250425135146.0
035 |a (RuTPU)RU\TPU\network\34379 
035 |a RU\TPU\network\34073 
090 |a 663210 
100 |a 20210129d2021 k||y0rusy50 ba 
101 0 |a eng 
102 |a NL 
135 |a drcn ---uucaa 
181 0 |a i  
182 0 |a b 
200 1 |a Micro-explosion of droplets containing liquids with different viscosity, interfacial and surface tension  |f D. V. Antonov, G. V. Kuznetsov, P. A. Strizhak, R. M. Fedorenko 
203 |a Text  |c electronic 
300 |a Title screen 
333 |a Режим доступа: по договору с организацией-держателем ресурса 
461 |t Chemical Engineering Research and Design 
463 |t Vol. 165  |v [P. 478]  |d 2021 
610 1 |a электронный ресурс 
610 1 |a труды учёных ТПУ 
701 1 |a Antonov  |b D. V.  |c specialist in the field of heat and power engineering  |c Associate Professor, Research Engineer at Tomsk Polytechnic University, Candidate of Physical and Mathematical Sciences  |f 1996-  |g Dmitry Vladimirovich  |3 (RuTPU)RU\TPU\pers\46666  |9 22322 
701 1 |a Kuznetsov  |b G. V.  |c Specialist in the field of heat power energy  |c Professor of Tomsk Polytechnic University, Doctor of Physical and Mathematical Sciences  |f 1949-  |g Geny Vladimirovich  |3 (RuTPU)RU\TPU\pers\31891  |9 15963 
701 1 |a Strizhak  |b P. A.  |c Specialist in the field of heat power energy  |c Doctor of Physical and Mathematical Sciences (DSc), Professor of Tomsk Polytechnic University (TPU)  |f 1985-  |g Pavel Alexandrovich  |3 (RuTPU)RU\TPU\pers\30871  |9 15117 
701 1 |a Fedorenko  |b R. M.  |c specialist in the field of thermal engineering  |c Research Engineer of Tomsk Polytechnic University, Candidate of physical and mathematical sciences  |f 1997-  |g Roman Mikhaylovich  |9 88535 
712 0 2 |a Национальный исследовательский Томский политехнический университет  |b Инженерная школа энергетики  |b Научно-образовательный центр И. Н. Бутакова (НОЦ И. Н. Бутакова)  |3 (RuTPU)RU\TPU\col\23504 
801 2 |a RU  |b 63413507  |c 20210129  |g RCR 
850 |a 63413507 
856 4 |u https://doi.org/10.1016/j.cherd.2020.10.028 
942 |c CF